00743naa#a2200145#i#4500001001600000005001700016011001400033100004100047102000700088200007400095210035000169215001000519608004500529856002300574RU\\bibl\12082420260602215539.2##a2409-1073##a20240620b2024####ek#y0rusy0150####ca##aRU1#aК СВЕДЕНИЮ АВТОРОВeЖурнальная статья1#aМоскваcФедеральное государственное автономное образовательное учреждение высшего образования Национальный исследовательский университет "Московский институт электронной техники"d2024##a0 с.##aЖурнальная статья2local4#amminfo.editorum.ru